000 00407nam a2200145 i 4500
001 bg
245 0 _aĆwiczenia laboratoryjne z materiałoznawstwa :
_bpraca zbiorowa /
_cpod red. S. Króla. Cz.1.
260 _aOpole,
_c1983.
700 1 _aKról, Stanisław.
_eRed.
040 _cBPK
041 _apol
080 _a669.017/.018:620.1(075.8)(076)
942 _cKS
008 s pl f |000 0 pol
999 _c2727
_d2727
856 _uhttp://koha.tu.koszalin.pl/cgi-bin/koha/opac-detail.pl?biblionumber=2727
_yKatalog online BPK